[Event "Copenhagen Obro CXU New Year op"]
[Site "Copenhagen"]
[Date "2023.12.30"]
[Round "6"]
[White "Thuesen, Mogens Henrik"]
[Black "Terryn, Ezra"]
[Result "0-1"]
[WhiteElo "2086"]
[BlackElo "2217"]
[PlyCount "112"]
[EventDate "2023.12.27"]
[EventType "swiss"]
[EventRounds "7"]
[EventCountry "DEN"]
[SourceTitle "CB01_2024"]
[SourceDate "2024.01.03"]
[SourceVersion "1"]
[SourceVersionDate "2024.01.03"]
[SourceQuality "1"]

1. d4 d5 2. c4 c6 3. Nf3 Nf6 4. Nc3 e6 5. Bg5 dxc4 6. e4 b5 7. e5 h6 8. Bh4 g5 9. Nxg5 hxg5 10. Bxg5 Nbd7 11. g3 Bb7 12. Bg2 Qb6 13. exf6 0-0-0 14. 0-0 c5 15. d5 b4 16. Na4 Qb5 17. b3 c3 18. Re1 Nb8 19. Qg4 Bxd5 20. Bxd5 Rxd5 21. h4 Nc6 22. Rad1 Ne5 23. Rxe5 Rxe5 24. Qf3 Rd5 25. Rxd5 exd5 26. Qxd5 Bh6 27. Bxh6 Rxh6 28. Qxf7 Rh8 29. Qe6+ Qd7 30. Qa6+ Kd8 31. Nxc5 c2 32. Nxd7 c1Q+ 33. Kh2 Kxd7 34. Qb5+ Qc6 35. Qxb4 Qd6 36. Qg4+ Kd8 37. Qg5 Rf8 38. Qa5+ Qb6 39. Qxb6+ axb6 40. g4 Rxf6 41. Kg3 Rc6 42. h5 Ke7 43. g5 Rc2 44. f4 Ke6 45. Kg4 Rg2+ 46. Kf3 Rxa2 47. Kg4 Rg2+ 48. Kf3 Rg1 49. Ke4 Re1+ 50. Kd4 Kf5 51. Kd5 Kxf4 52. g6 Re5+ 53. Kc6 Rxh5 54. Kxb6 Rg5 55. b4 Ke4 56. b5 Kd4 0-1

[Event "DEN-ch cand"]
[Site "Svendborg"]
[Date "2023.04.05"]
[Round "4"]
[White "Thogersen, Rasmus"]
[Black "Terryn, Ezra"]
[Result "0-1"]
[WhiteElo "2365"]
[BlackElo "2213"]
[PlyCount "82"]
[EventDate "2023.04.05"]
[EventType "swiss"]
[EventRounds "7"]
[EventCountry "DEN"]
[SourceTitle "CBM 213 Extra"]
[Source "ChessBase"]
[SourceDate "2023.05.31"]
[SourceVersion "1"]
[SourceVersionDate "2023.05.31"]
[SourceQuality "1"]

1. e4 c5 2. Nf3 e6 3. g3 Nc6 4. Bg2 Nf6 5. Qe2 e5 6. c3 Be7 7. 0-0 0-0 8. Na3 Re8 9. Nc4 Bf8 10. d3 h6 11. Ne3 d5 12. Nh4 Be6 13. Nhf5 Qd7 14. Qf3 d4 15. Nd5 Nxd5 16. Nxh6+ gxh6 17. exd5 Bf5 18. dxc6 bxc6 19. Qxc6 Qe7 20. Be4 Rac8 21. Qa6 Bxe4 22. dxe4 Qd7 23. Qc4 Qe6 24. b3 Qxc4 25. bxc4 Rb8 26. Ba3 Re6 27. cxd4 exd4 28. Rfb1 Reb6 29. Rd1 Ra6 30. Rd3 Ra4 31. Rb3 Re8 32. Rab1 Rxe4 33. Rf3 Rxc4 34. Rb7 Re7 35. Rb8 Kg7 36. Rf4 Re6 37. Rc8 Bd6 38. Rf5 d3 39. Bb2+ Be5 40. Bxe5+ Rxe5 41. Rxe5 d2 0-1

[Event "BEL-chT 2122"]
[Site "Belgium"]
[Date "2022.03.20"]
[Round "4.5"]
[White "Terryn, Ezra"]
[Black "Wiersma, Eelke"]
[Result "0-1"]
[WhiteElo "2121"]
[BlackElo "2300"]
[PlyCount "60"]
[EventDate "2021.10.24"]
[EventType "team-tourn"]
[EventRounds "11"]
[EventCountry "BEL"]
[SourceTitle "EXT 2023"]
[Source "ChessBase"]
[SourceDate "2022.10.05"]
[SourceVersion "1"]
[SourceVersionDate "2022.10.05"]
[SourceQuality "1"]
[WhiteTeam "Borgerhout"]
[BlackTeam "KGSRL"]
[WhiteTeamCountry "BEL"]
[BlackTeamCountry "BEL"]

1. e4 c6 2. d4 d5 3. e5 Bf5 4. h4 h5 5. Bg5 Qb6 6. Bd3 Bxd3 7. Qxd3 Qa6 8. Qxa6 Nxa6 9. Ne2 e6 10. Nd2 Nb4 11. Kd1 c5 12. a3 Nc6 13. c3 Nge7 14. Bxe7 Bxe7 15. b4 cxd4 16. cxd4 a5 17. b5 Na7 18. a4 Nc8 19. Kc2 Nb6 20. Kb3 Rc8 21. Rac1 Kd7 22. g3 Bb4 23. Nf3 Rc4 24. Ra1 Be7 25. Rhc1 Rb4+ 26. Kc2 Nxa4 27. Nd2 Rc8+ 28. Kd3 Nb2+ 29. Ke3 Rxc1 30. Rxc1 Rxb5 0-1

[Event "Lisbon Portugal rapid op"]
[Site "Lisbon"]
[Date "2019.02.10"]
[Round "6"]
[White "Terryn, Ezra"]
[Black "Sukandar, Irine Kharisma"]
[Result "0-1"]
[WhiteElo "2116"]
[BlackElo "2397"]
[PlyCount "92"]
[EventDate "2019.02.10"]
[EventType "swiss (rapid)"]
[EventRounds "8"]
[EventCountry "POR"]
[SourceTitle "CBM 188 Extra"]
[Source "ChessBase"]
[SourceDate "2019.02.26"]
[SourceVersion "1"]
[SourceVersionDate "2019.02.26"]
[SourceQuality "1"]

1. e4 c5 2. d4 cxd4 3. c3 d3 4. Bxd3 Nc6 5. c4 g6 6. Nf3 Bg7 7. 0-0 Nf6 8. Nc3 d6 9. h3 0-0 10. Be3 Nd7 11. Rc1 Nc5 12. Bb1 Be6 13. b3 a5 14. Ng5 Bd7 15. f4 a4 16. Bxc5 dxc5 17. Nxa4 Bd4+ 18. Kh1 e5 19. Nf3 exf4 20. Nxd4 cxd4 21. Rxf4 Qc7 22. Qf1 Ne5 23. Nb2 Bc6 24. Rd1 Rad8 25. Nd3 Nxd3 26. Rxd3 Qe5 27. Rdf3 Rd7 28. Qe1 Rfd8 29. Bd3 f5 30. Rf1 Re7 31. Qf2 Qf6 32. exf5 g5 33. Rg4 h5 34. Rg3 h4 35. Rg4 Kf7 36. c5 Re3 37. Bc4+ Kf8 38. Kg1 Rde8 39. Be6 Rd8 40. Qb2 Qe5 41. Rxg5 Rxh3 42. gxh3 Qe3+ 43. Qf2 Qxg5+ 44. Kh2 Qf6 45. Qf4 d3 46. Rf2 d2 0-1

[Event "Lisbon Portugal op"]
[Site "Lisbon"]
[Date "2019.02.07"]
[Round "7"]
[White "Chinguun, Sumiya"]
[Black "Terryn, Ezra"]
[Result "1-0"]
[WhiteElo "2286"]
[BlackElo "2116"]
[PlyCount "59"]
[EventDate "2019.02.02"]
[EventType "swiss"]
[EventRounds "9"]
[EventCountry "POR"]
[SourceTitle "CBM 188 Extra"]
[Source "ChessBase"]
[SourceDate "2019.02.26"]
[SourceVersion "1"]
[SourceVersionDate "2019.02.26"]
[SourceQuality "1"]

1. e4 c5 2. Nf3 e6 3. d4 cxd4 4. Nxd4 Nc6 5. Nc3 Qc7 6. Be3 a6 7. a3 b5 8. Nxc6 Qxc6 9. Qf3 Bb7 10. Bd3 Nf6 11. 0-0 Bc5 12. Rfe1 Bxe3 13. Rxe3 0-0 14. Qh3 e5 15. Nd5 Qe6 16. Nxf6+ Qxf6 17. Qxd7 Bc8 18. Qc7 Bg4 19. h3 Rfc8 20. Qa5 Be6 21. a4 Bc4 22. axb5 Bxd3 23. Rxd3 Rxc2 24. Rd2 Rc5 25. b4 Rc3 26. bxa6 h6 27. b5 Rac8 28. a7 Rc1+ 29. Rd1 R1c2 30. Rf1 1-0

[Event "Lisbon Portugal op"]
[Site "Lisbon"]
[Date "2019.02.03"]
[Round "3"]
[White "Kaasen, Tor Fredrik"]
[Black "Terryn, Ezra"]
[Result "1-0"]
[WhiteElo "2387"]
[BlackElo "2116"]
[PlyCount "113"]
[EventDate "2019.02.02"]
[EventType "swiss"]
[EventRounds "9"]
[EventCountry "POR"]
[SourceTitle "CBM 188 Extra"]
[Source "ChessBase"]
[SourceDate "2019.02.26"]
[SourceVersion "1"]
[SourceVersionDate "2019.02.26"]
[SourceQuality "1"]

1. c4 e5 2. Nc3 Nf6 3. Nf3 Nc6 4. e3 d5 5. cxd5 Nxd5 6. Bb5 Nxc3 7. bxc3 Bd7 8. d4 e4 9. Nd2 Qg5 10. Bf1 Qg6 11. Qb3 Bd6 12. Nc4 b6 13. Nxd6+ Qxd6 14. Ba3 Na5 15. Bxd6 Nxb3 16. axb3 cxd6 17. Ba6 Rb8 18. Bc4 a5 19. Bd5 Be6 20. Bc6+ Ke7 21. c4 Rhc8 22. Bxe4 b5 23. d5 Bd7 24. Bd3 a4 25. bxa4 bxc4 26. Bc2 Rb2 27. Kd1 Ra8 28. Kc1 c3 29. Rd1 Rb4 30. Rd3 Bxa4 31. Rxc3 Bc6 32. Rxa8 Bxa8 33. Rc7+ Kf6 34. e4 Bb7 35. Kd2 Ba6 36. Kc3 Rb6 37. Rc6 Rxc6+ 38. dxc6 Ke5 39. Kb4 d5 40. Ka5 Bc8 41. exd5 Kxd5 42. Kb6 Kd6 43. Bxh7 g6 44. Bg8 Ke7 45. Kc7 Ba6 46. Kb8 Kf8 47. Bxf7 Kxf7 48. c7 Kf6 49. c8Q Bxc8 50. Kxc8 g5 51. Kd7 Kf5 52. Ke7 Ke5 53. Kf7 Kf5 54. Kg7 Kg4 55. Kg6 Kf4 56. g3+ Kg4 57. h3+ 1-0

[Event "Lisbon Portugal op"]
[Site "Lisbon"]
[Date "2019.02.03"]
[Round "2"]
[White "Terryn, Ezra"]
[Black "Miedema, David"]
[Result "1-0"]
[WhiteElo "2116"]
[BlackElo "2356"]
[PlyCount "79"]
[EventDate "2019.02.02"]
[EventType "swiss"]
[EventRounds "9"]
[EventCountry "POR"]
[SourceTitle "CBM 188 Extra"]
[Source "ChessBase"]
[SourceDate "2019.02.26"]
[SourceVersion "1"]
[SourceVersionDate "2019.02.26"]
[SourceQuality "1"]

1. e4 c5 2. d4 cxd4 3. c3 dxc3 4. Nxc3 e6 5. Nf3 Nc6 6. Bc4 a6 7. 0-0 b5 8. Bb3 Nge7 9. Bg5 f6 10. Be3 Bb7 11. Re1 Na5 12. Nd5 exd5 13. Bxd5 Qb8 14. Nd4 Nc4 15. Nf5 Bxd5 16. exd5 Nxf5 17. Ba7+ Qe5 18. Rxe5+ Nxe5 19. f4 Ng6 20. g4 Rxa7 21. gxf5 Bc5+ 22. Kh1 Ne7 23. d6 Nc8 24. Rc1 Nxd6 25. Rxc5 Ke7 26. Rc2 Nc8 27. Re2+ Kd8 28. Qd2 a5 29. Qc3 b4 30. Qc5 d6 31. Qb5 Rf8 32. Rc2 Rff7 33. Rxc8+ Kxc8 34. Qe8+ Kb7 35. Qxf7+ Kb6 36. Qd5 Rd7 37. Kg2 h6 38. Kf3 a4 39. h4 h5 40. Qe6 1-0

[Event "Lisbon Portugal op"]
[Site "Lisbon"]
[Date "2019.02.02"]
[Round "1"]
[White "Correia, Pedro Mourao Soares"]
[Black "Terryn, Ezra"]
[Result "0-1"]
[WhiteElo "1480"]
[BlackElo "2116"]
[PlyCount "96"]
[EventDate "2019.02.02"]
[EventType "swiss"]
[EventRounds "9"]
[EventCountry "POR"]
[SourceTitle "EXT 2021"]
[Source "ChessBase"]
[SourceDate "2020.10.23"]
[SourceVersion "1"]
[SourceVersionDate "2020.10.23"]
[SourceQuality "1"]

1. e4 c5 2. Nf3 e6 3. Nc3 Nc6 4. d4 cxd4 5. Nxd4 Qc7 6. Be2 a6 7. 0-0 Nf6 8. Be3 Bb4 9. Bf3 Ne5 10. Bd2 Qc4 11. Nb3 0-0 12. Be2 Qc6 13. Nd5 Nxd5 14. exd5 Qb6 15. Be3 Qc7 16. c3 Be7 17. dxe6 dxe6 18. Qd4 Nd7 19. Rad1 Rd8 20. Qg4 Nf6 21. Rxd8+ Bxd8 22. Qd4 Nd5 23. Rd1 Bd7 24. Qc5 Bc6 25. Qd4 Bf6 26. Qg4 Nxe3 27. fxe3 Qb6 28. Qg3 a5 29. Rf1 Kh8 30. Bd3 Bb5 31. c4 Rd8 32. c5 Qa6 33. Bxb5 Qxb5 34. h3 a4 35. Nd4 Qxc5 36. Rxf6 gxf6 37. Qf3 Qe5 38. g3 Rxd4 39. exd4 Qxd4+ 40. Kf1 Qxb2 41. Qd3 Qa1+ 42. Kg2 Qxa2+ 43. Kf1 Qb3 44. Qd4 e5 45. Qh4 Qd1+ 46. Kg2 Kg7 47. Qc4 Qd4 48. Qe2 a3 0-1

[Event "Riscle-A"]
[Site "Riscle"]
[Date "2018.08.06"]
[Round "1"]
[White "Youssoupov, Moisse"]
[Black "Terryn, Ezra"]
[Result "1-0"]
[WhiteElo "2235"]
[BlackElo "2007"]
[PlyCount "83"]
[EventDate "2018.08.06"]
[EventType "tourn"]
[EventRounds "7"]
[EventCountry "FRA"]
[SourceTitle "EXT 2020"]
[Source "ChessBase"]
[SourceDate "2019.10.17"]
[SourceVersion "1"]
[SourceVersionDate "2019.10.17"]
[SourceQuality "1"]

1. d4 c5 2. d5 d6 3. Nc3 g6 4. e4 Bg7 5. f4 Nf6 6. Bb5+ Bd7 7. e5 Ng8 8. Nf3 Nh6 9. Bd3 0-0 10. Qe2 e6 11. Be4 exd5 12. Nxd5 Nc6 13. 0-0 Bg4 14. Qf2 Bxf3 15. Bxf3 dxe5 16. c3 Re8 17. Rd1 e4 18. Be2 b6 19. g4 Qc8 20. h3 f5 21. Qh4 Qb7 22. Bc4 Kh8 23. Nf6 Rf8 24. g5 Rad8 25. Be3 Bxf6 26. gxf6 Nf7 27. Bd5 Qc7 28. a3 Rd6 29. Qe1 Rfd8 30. c4 Rxf6 31. Qc3 Kg7 32. b4 Ne7 33. bxc5 Nxd5 34. Rxd5 bxc5 35. Rad1 Nd6 36. Rxc5 Qe7 37. Bd4 Kf7 38. Bxf6 Qxf6 39. Rc7+ Ke6 40. Qb3 Qh4 41. c5+ Kf6 42. Rxd6+ 1-0

[Event "Charleroi op"]
[Site "Charleroi"]
[Date "2018.07.31"]
[Round "5"]
[White "Terryn, Ezra"]
[Black "Decrop, Benjamin"]
[Result "0-1"]
[WhiteElo "2007"]
[BlackElo "2207"]
[PlyCount "68"]
[EventDate "2018.07.28"]
[EventType "swiss"]
[EventRounds "9"]
[EventCountry "BEL"]
[SourceTitle "CBM 185 Extra"]
[Source "ChessBase"]
[SourceDate "2018.07.29"]
[SourceVersion "1"]
[SourceVersionDate "2018.07.29"]
[SourceQuality "1"]

1. e4 c5 2. d4 cxd4 3. c3 d3 4. Bxd3 Nc6 5. c4 g6 6. Nf3 Bg7 7. 0-0 d6 8. h3 Nf6 9. Nc3 0-0 10. Be3 Nd7 11. Rc1 Nde5 12. b3 Qa5 13. Nxe5 Nxe5 14. Bd4 Nf3+ 15. Qxf3 Bxd4 16. Bb1 Be6 17. Qd3 Bxc3 18. Rxc3 Rac8 19. Rcc1 a6 20. f4 Bd7 21. f5 b5 22. c5 Rxc5 23. Rxc5 Qb6 24. b4 Bc6 25. e5 dxc5 26. Qe3 Qd8 27. Qh6 Qd5 28. Rf3 Qd4+ 29. Re3 Qb2 30. Be4 Bxe4 31. Rxe4 Qb1+ 32. Kf2 Qxe4 33. f6 exf6 34. exf6 Qf5+ 0-1

[Event "Wch U20 56th"]
[Site "Tarvisio"]
[Date "2017.11.22"]
[Round "9"]
[White "Posocco, Dennis"]
[Black "Terryn, Ezra"]
[Result "0-1"]
[WhiteElo "1564"]
[BlackElo "1987"]
[PlyCount "22"]
[EventDate "2017.11.13"]
[EventType "swiss"]
[EventRounds "11"]
[EventCountry "ITA"]
[SourceTitle "CBM 181 Extra"]
[Source "ChessBase"]
[SourceDate "2017.12.12"]
[SourceVersion "1"]
[SourceVersionDate "2017.12.12"]
[SourceQuality "1"]

1. e4 c5 2. d4 cxd4 3. c3 dxc3 4. Nxc3 e6 5. Bc4 a6 6. Bb3 Nc6 7. Nf3 Qc7 8. Qe2 Nf6 9. 0-0 Ng4 10. h3 Nd4 11. Qd3 Nxf3+ 0-1

[Event "Wch U20 56th"]
[Site "Tarvisio"]
[Date "2017.11.15"]
[Round "3"]
[White "Terryn, Ezra"]
[Black "Nie, Xinyang"]
[Result "0-1"]
[WhiteElo "1987"]
[BlackElo "2288"]
[PlyCount "78"]
[EventDate "2017.11.13"]
[EventType "swiss"]
[EventRounds "11"]
[EventCountry "ITA"]
[SourceTitle "CBM 181 Extra"]
[Source "ChessBase"]
[SourceDate "2017.12.12"]
[SourceVersion "1"]
[SourceVersionDate "2017.12.12"]
[SourceQuality "1"]

1. e4 d5 2. exd5 Qxd5 3. Nc3 Qa5 4. d4 c6 5. Bc4 Bf5 6. Bd2 e6 7. Qe2 Qc7 8. Nf3 Nf6 9. 0-0-0 b5 10. Bb3 a5 11. Nh4 Bg4 12. f3 a4 13. fxg4 axb3 14. cxb3 Be7 15. Kb1 b4 16. Na4 Nbd7 17. Rhe1 Nd5 18. Nf3 N7b6 19. Ne5 Nxa4 20. bxa4 Rxa4 21. Qc4 0-0 22. Nxc6 Bd6 23. b3 Raa8 24. Rc1 Rfc8 25. Qd3 Bf4 26. Bxf4 Qxf4 27. Qf3 Qd6 28. Ne5 Nc3+ 29. Rxc3 bxc3 30. Qxf7+ Kh8 31. Qf2 Rf8 32. Qe3 c2+ 33. Kxc2 Rxa2+ 34. Kc1 Qa6 35. Qc3 Rxg2 36. Ng6+ hxg6 37. Qh3+ Kg8 38. Qxg2 Ra8 39. Re2 Qd3 0-1

[Event "BEL-ch U20"]
[Site "Blankenberge"]
[Date "2017.04.11"]
[Round "4"]
[White "Snoeks, Pieter Jan"]
[Black "Terryn, Ezra"]
[Result "0-1"]
[WhiteElo "1888"]
[BlackElo "1970"]
[PlyCount "92"]
[EventDate "2017.04.09"]
[EventType "swiss"]
[EventRounds "9"]
[EventCountry "BEL"]
[SourceTitle "CBM 178 Extra"]
[Source "ChessBase"]
[SourceDate "2017.06.22"]
[SourceVersion "1"]
[SourceVersionDate "2017.06.22"]
[SourceQuality "1"]

1. d4 c5 2. e3 d5 3. Nf3 Nc6 4. Nc3 Nf6 5. a3 cxd4 6. Nxd4 e6 7. Bb5 Bd7 8. 0-0 Be7 9. b4 0-0 10. Bb2 Ne5 11. Bd3 Rc8 12. Rc1 Nc4 13. Bxc4 Rxc4 14. f4 Qc7 15. Qd3 Rc8 16. Nce2 Ba4 17. Nb3 Rxc2 18. Ned4 Rxc1 19. Rxc1 Qd7 20. Rc2 Ne4 21. Rxc8+ Qxc8 22. Nd2 Nxd2 23. Qxd2 Kf8 24. Kf2 Bd6 25. g3 Ke7 26. Nf3 f6 27. Qd3 Qc2+ 28. Qxc2 Bxc2 29. Ke2 Bf5 30. Nd4 Bg4+ 31. Kd2 e5 32. Nb5 Bb8 33. Nc3 Ke6 34. Na4 b6 35. Nc3 g5 36. fxg5 fxg5 37. e4 d4 38. Nd5 b5 39. Kd3 Bd1 40. Bc1 Bb3 41. Bxg5 Bxd5 42. exd5+ Kxd5 43. Be7 e4+ 44. Kd2 Kc4 45. Bc5 a6 46. Ke2 Be5 0-1

[Event "BEL-ch U20"]
[Site "Blankenberge"]
[Date "2017.04.10"]
[Round "2"]
[White "Pouliart, Sander"]
[Black "Terryn, Ezra"]
[Result "0-1"]
[WhiteElo "1248"]
[BlackElo "1970"]
[PlyCount "50"]
[EventDate "2017.04.09"]
[EventType "swiss"]
[EventRounds "9"]
[EventCountry "BEL"]
[SourceTitle "CBM 178 Extra"]
[Source "ChessBase"]
[SourceDate "2017.06.22"]
[SourceVersion "1"]
[SourceVersionDate "2017.06.22"]
[SourceQuality "1"]

1. e4 c5 2. Nf3 e6 3. Nc3 Nc6 4. d4 cxd4 5. Nxd4 Qc7 6. Be3 a6 7. Nxc6 bxc6 8. Bc4 d5 9. exd5 exd5 10. Bb3 Nf6 11. Qe2 Be7 12. Bc5 0-0 13. Bxe7 Re8 14. 0-0-0 Rxe7 15. Qd3 a5 16. Rde1 Qf4+ 17. Qd2 Rxe1+ 18. Rxe1 Qxh2 19. Qe3 Bd7 20. g3 Ng4 21. Qd2 Qxf2 22. Qxf2 Nxf2 23. Ba4 Rd8 24. Re7 Kf8 25. Nxd5 Be6 0-1